Отчет Совета Псковского общества любителей музыкально-драматического искусства о деятельности Общества и о приходе и расходе сумм... ... о деятельности Общества и о приходе и расходе сумм за 1913-1914 гг. (Запись № 7227937)

Подробности
000 -МАРКЕР
контрольное поле 01588nam2a22002531 4500
001 - ИДЕНТИФИКАТОР ЗАПИСИ
контрольное поле v19\rc\1987842
005 - ИДЕНТИФИКАТОР ВЕРСИИ
контрольное поле 20251118181345.5
035 ## - ДРУГИЕ СИСТЕМНЫЕ НОМЕРА
Идентификатор записи (NLR Aleph) 005084117
100 ## - ДАННЫЕ ОБЩЕЙ ОБРАБОТКИ
Данные общей обработки 20080811d1915 u y0rusy50 ca
101 0# - ЯЗЫК РЕСУРСА
Язык текста, звукозаписи и т.д. русский
102 ## - СТРАНА ПУБЛИКАЦИИ ИЛИ ПРОИЗВОДСТВА
Страна публикации Российская Федерация
105 ## - ПОЛЕ КОДИРОВАННЫХ ДАННЫХ: ТЕКСТОВЫЕ МАТЕРИАЛЫ, МОНОГРАФИЧЕСКИЕ
Кодированные данные о монографическом текстовом документе y z |||||
200 0# - ЗАГЛАВИЕ И СВЕДЕНИЯ ОБ ОТВЕТСТВЕННОСТИ
Основное заглавие ... о деятельности Общества и о приходе и расходе сумм за 1913-1914 гг.
210 ## - ПУБЛИКАЦИЯ, РАСПРОСТРАНЕНИЕ И ДР.
Дата издания, распространения и т.д. 1915
215 ## - ФИЗИЧЕСКАЯ ХАРАКТЕРИСТИКА
Специфическое обозначение материала и объем [2], 13 с.
461 #0 - УРОВЕНЬ НАБОРА
Встроенное поле 001v19\rc\1987841
-- 2001#$aОтчет Совета Псковского общества любителей музыкально-драматического искусства о деятельности Общества и о приходе и расходе сумм...$v... о деятельности Общества и о приходе и расходе сумм за 1913-1914 гг.
Системный номер (АБИС) связанной записи 7227930
Автор Псковское о-во любителей музыкально-драматического искусства
Место публикации Псков
Дата публикации 1915
Заглавие Отчет Совета Псковского общества любителей музыкально-драматического искусства о деятельности Общества и о приходе и расходе сумм...
Номер тома ... о деятельности Общества и о приходе и расходе сумм за 1913-1914 гг.
801 #0 - ИСТОЧНИК ЗАПИСИ
Страна Российская Федерация
Организация NLR
Правила каталогизации psbo
801 #0 - ИСТОЧНИК ЗАПИСИ
Страна Российская Федерация
Организация RuMoRGB
Источник данных psbo
801 #1 - ИСТОЧНИК ЗАПИСИ
Страна Российская Федерация
Организация ProSoft-M
Источник данных rusmarc
852 ## - МЕСТОНАХОЖДЕНИЕ И ШИФР ХРАНЕНИЯ
Идентификатор организации NLR
Шифр хранения (Call Number) 19.49.2.78(7)
899 ## - ДАННЫЕ О МЕСТОНАХОЖДЕНИИ (устаревшее)
Местонахождение RuMoRGB
Шифр хранения U 9/273
942 ## - ДОПОЛНИТЕЛЬНЫЕ ЭЛЕМЕНТЫ ЗАПИСИ (АБИС)
Тип экземпляра АБИС Книга
980 ## - КОЛЛЕКЦИЯ
Название коллекции Национальная библиография
Экземпляры
Тип экземпляра Дата поступления Библиотека постоянного хранения Библиотека текущего хранения Место хранения Шифр хранения Штрих-код Статус экземпляра
Книга 26.10.2013 РНБ (Садовая) РНБ (Садовая) Русский книжный фонд -Главное здание, Ленинский читальный зал 19.49.2.78(7) 5084117-10